[Event "Tourn. n8476"]
[Site "www.chess-mail.com"]
[Date "2016.02.14"]
[Round "1"]
[White "Johnmcbride"]
[Black "Iko"]
[WhiteElo "1810"]
[BlackElo "1720"]
[Result "0-1"]
[Round "1"]
1.d4 d5
2.e3 Nb8c6
3.Bf1d3 e5
4.dxe5 Nc6xe5
5.f4 Ne5xd3
6.Qd1xd3 f5
7.Ng1f3 Bf8c5
8.Nf3e5 Qd8d6
9.a3 d4
10.O-O dxe3
11.Kh1 Qd6xd3
12.Ne5xd3 Bc5b6
13.Rf1e1 Ng8f6
14.Bc1xe3 O-O
15.h3 Rf8e8
16.Nd3e5 Nf6e4
17.Be3xb6 axb6
18.Nb1c3 Ne4xc3
19.bxc3 Ra8a5
20.Re1e3 Ra5d5
21.Ra1e1 Bc8e6
22.Re3d3 Re8a8
23.Ne5c4 Rd5xd3
24.cxd3 Ra8e8
25.Re1e5 Kf8
26.Nc4e3 c6
27.d4 Be6b3
28.Re5xf5 Bb3f7
29.Rf5e5 Re8a8
30.Ne3c2 Bf7g6
31.f5 Bg6h5
32.g4 Bh5f7
33.h4 Bf7b3
34.Re5e2 Bb3xc2
35.Re2xc2 Ra8xa3
36.Kg2 Kf7
37.Kf3 b5
38.Ke4 Ra3a1
39.Ke5 Ra1g1
40.Kf4 b6
41.g5 h5
42.Ke5 Rg1h1
43.Kd6 Rh1xh4
44.Kxc6 Rh4h1
45.d5 Ke7
46.d6 Kd8
47.Kxb5 Kd7
48.Rc2d2 Rh1b1
49.Ka6 Rb1b3
50.f6 gxf6
51.g6 Rb3xc3
52.Rd2g2 Rc3c8
53.g7 Rc8g8
54.Kxb6 Kxd6
55.Kb5 Ke6
56.Kc4 Kf7
57.Kd3 Rg8xg7
58.Rg2xg7 Kxg7
59.Ke3 Kg6
60.Kf3 Kg5
61.Kg3 f5
62.Kf3 f4
{ resign }
0-1

[Event "Tourn. n8620"]
[Site "www.chess-mail.com"]
[Date "2016.02.14"]
[Round "1"]
[White "Redabond"]
[Black "Hansen"]
[WhiteElo "1600"]
[BlackElo "1550"]
[Result "0-1"]
[Round "1"]
1.d4 e6
2.Bc1f4 h6
3.Nb1c3 Bf8b4
4.Qd1d2 g5
5.Bf4e5 f6
6.Be5g3 Nb8c6
7.e3 a6
8.a3 Bb4xc3
9.Qd2xc3 d6
10.Ng1f3 e5
11.d5 Nc6e7
12.Qc3b4 c5
13.Qb4a4 b5
14.Qa4b3 Bc8f5
15.O-O-O c4
16.Qb3c3 Bf5e4
17.Nf3d2 Ne7xd5
18.Nd2xe4 Nd5xc3
19.Ne4xc3 Ng8e7
20.Nc3e4 O-O
21.Ne4xd6 Qd8c7
22.h4 c3
23.b3 Ne7c6
24.Nd6f5 Ra8d8
25.Rd1xd8 Qc7xd8
26.Nf5xh6 Kh7
27.Nh6f5 Qd8d2
28.Kb1 Qd2d1
29.Ka2 Qd1xc2
30.Ka1 Qc2b2
{ resign }
0-1

[Event "Tourn. n8508"]
[Site "www.chess-mail.com"]
[Date "2016.02.14"]
[Round "1"]
[White "Osopanda"]
[Black "Cheminet"]
[WhiteElo "1860"]
[BlackElo "1770"]
[Result "0-1"]
[Round "1"]
1.d4 e6
2.e4 c5
3.c3 Ng8f6
4.e5 Nf6d5
5.Ng1f3 f5
6.Bc1g5 Bf8e7
7.Bg5xe7 Qd8xe7
8.Bf1d3 Nb8c6
9.O-O cxd4
10.cxd4 O-O
11.Nb1c3 Nd5xc3
12.bxc3 b6
13.Rf1e1 Bc8b7
14.Qd1d2 Ra8c8
15.a3 Nc6a5
16.Ra1b1 Na5c4
17.Bd3xc4 Rc8xc4
18.Qd2d3 Rc4a4
19.Rb1a1 Ra4xa3
20.Qd3e3 a5
21.h4 Bb7xf3
22.Qe3xf3 Rf8b8
23.Ra1xa3 Qe7xa3
24.d5 b5
25.dxe6 dxe6
26.Qf3c6 Qa3e7
27.Re1d1 Qe7e8
28.Rd1d7 a4
29.Qc6d6 a3
30.Rd7e7 Qe8c8
31.Qd6xa3 h6
32.Qa3b3 b4
33.Re7xe6 Kh7
34.cxb4 Qc8c1
35.Kh2 Qc1f4
36.Kg1 Rb8xb4
37.Qb3d1 Rb4d4
38.Qd1f1 Qf4xh4
39.Re6e8 Qh4h5
40.f3 Qh5xe8
41.g4 Qe8a4
{ resign }
0-1

[Event "Tourn. n8575"]
[Site "www.chess-mail.com"]
[Date "2016.02.14"]
[Round "1"]
[White "Julian"]
[Black "Cardiff"]
[WhiteElo "2000"]
[BlackElo "2080"]
[Result "1-0"]
[Round "1"]
1.e4 d5
2.exd5 Qd8xd5
3.Nb1c3 Qd5a5
4.d4 Ng8f6
5.Ng1f3 Bc8g4
6.Bf1e2 e6
7.O-O Bf8e7
8.Rf1e1 c6
9.Nf3e5 Bg4xe2
10.Re1xe2 O-O
11.Nc3e4 Nb8d7
12.Bc1g5 Rf8e8
13.c4 Nf6xe4
14.Bg5xe7 Re8xe7
15.Ne5xd7 Re7xd7
16.Re2xe4  { time }
1-0

[Event "Tourn. n8536"]
[Site "www.chess-mail.com"]
[Date "2016.02.14"]
[Round "1"]
[White "Cardiff"]
[Black "Amaya"]
[WhiteElo "1970"]
[BlackElo "2060"]
[Result "0-1"]
[Round "1"]
1.d4 Ng8f6
2.Ng1f3 g6
3.Nb1d2 Bf8g7
4.e4 d6
5.Bf1d3 O-O
6.O-O Nb8d7
7.Rf1e1 e5
8.d5 Nd7c5
9.Nd2b3 Nc5xd3
10.Qd1xd3 Bc8g4
11.h3 Bg4d7
12.c4 Qd8c8
13.c5 Bd7xh3
14.gxh3 Qc8xh3
15.Re1e3 Nf6g4
16.Qd3f1 Qh3h5
17.Re3c3 f5
18.exf5 Rf8xf5
19.Qf1g2 e4
20.Nf3h2 Ng4xh2
21.Qg2xh2 Qh5d1
22.Kg2 Bg7xc3
23.bxc3 Qd1e2
24.Bc1e3 Rf5f3
25.Kg1 Ra8f8
26.Nb3d4 Qe2b2
27.Ra1f1 Rf3xe3
28.Nd4e6 Rf8f6
29.Qh2h6 Rf6f7
30.Qh6xe3 h5
31.Qe3xe4 Rf7f5
 { time }
0-1

[Event "Tourn. n8593"]
[Site "www.chess-mail.com"]
[Date "2016.02.14"]
[Round "1"]
[White "Cardiff"]
[Black "Libiesse"]
[WhiteElo "2070"]
[BlackElo "2000"]
[Result "0-1"]
[Round "1"]
1.d4 d5
2.c4 e6
3.Nb1c3 Ng8f6
4.cxd5 exd5
5.Bc1g5 Bf8e7
6.e3 O-O
7.Ng1f3 Nb8d7
8.Bf1d3 c5
9.O-O cxd4
10.exd4 b6
11.Rf1e1 Rf8e8
 { time }
0-1

[Event "Tourn. n8603"]
[Site "www.chess-mail.com"]
[Date "2016.02.14"]
[Round "1"]
[White "Genius7"]
[Black "Julian"]
[WhiteElo "2150"]
[BlackElo "2020"]
[Result "0-1"]
[Round "1"]
1.c4 Ng8f6
2.Nb1c3 g6
3.g3 d6
4.Bf1g2 Bf8g7
5.e4 c6
6.d4 Qd8c7
7.Ng1e2 e5
8.d5 Bc8g4
9.O-O a6
 { time }
0-1

[Event "Tourn. n8385"]
[Site "www.chess-mail.com"]
[Date "2016.02.14"]
[Round "1"]
[White "Nimzo"]
[Black "Obisporey"]
[WhiteElo "2800"]
[BlackElo "2630"]
[Result "1-0"]
[Round "1"]
1.d4 d5
2.c4 c6
3.Ng1f3 Ng8f6
4.e3 Bc8g4
5.h3 Bg4h5
6.Qd1b3 Qd8c7
7.Nb1c3 e6
8.Bc1d2 Nb8d7
9.Ra1c1 Qc7b6
10.g4 Bh5g6
11.Nf3h4 dxc4
12.Bf1xc4 Qb6xb3
13.axb3 Nd7b6
14.Ke2 O-O-O
15.f3 Bf8e7
16.Nh4xg6 hxg6
17.h4 Nf6d5
18.Bd2e1 Nd5xc3
19.bxc3 Rh8h6
20.f4 Nb6xc4
21.bxc4 b6
22.Rc1b1 Rh6h8
23.Be1g3 f5
24.g5 Rd8d7
25.Rb1b2 Be7d8
26.c5 bxc5
27.Rh1b1 Bd8c7
28.dxc5 Rd7d5
29.Rb1a1 a5
30.c4 Rd5d8
31.Bg3e1 e5
32.Rb2b3 e4
33.Ra1b1 Kd7
34.Rb3b7 Rd8a8
35.Be1c3 Rh8xh4
36.Bc3e5 Rh4h2
37.Kd1 Ra8c8
38.Rb1b6 Kd8
39.Be5d6 Rh2h1
40.Kd2 Bc7xb6
41.cxb6 c5
42.Rb7xg7 Rc8c6
43.Bd6e5 Ke8
44.b7 Rh1h2
45.Kc1 Rh2h1
46.Kc2 Rh1h2
47.Kc3 Rc6b6
48.b8Q Rb6xb8
49.Be5xb8 { resign }
1-0

[Event "Tourn. n8563"]
[Site "www.chess-mail.com"]
[Date "2016.02.14"]
[Round "1"]
[White "Genius7"]
[Black "Norlavuaram"]
[WhiteElo "2140"]
[BlackElo "2080"]
[Result "0-1"]
[Round "1"]
1.e4 e5
2.Ng1f3 Nb8c6
3.Nb1c3 Ng8f6
4.Bf1b5 d6
5.d4 exd4
6.Nf3xd4 Bc8d7
7.Bb5xc6 bxc6
8.O-O Bf8e7
9.Rf1e1 O-O
10.h3 h6
11.Qd1f3 Nf6e8
12.g4 Be7f6
13.Bc1e3 Bf6e5
14.Ra1d1 c5
15.Nd4f5 Qd8f6
 { time }
0-1

[Event "Tourn. n8510"]
[Site "www.chess-mail.com"]
[Date "2016.02.14"]
[Round "1"]
[White "Genius7"]
[Black "Heiserman"]
[WhiteElo "2050"]
[BlackElo "2150"]
[Result "0-1"]
[Round "1"]
1.d4 Ng8f6
2.Bc1f4 g6
3.e3 Bf8g7
4.Ng1f3 O-O
5.c3 d6
6.Bf1d3 Nb8d7
7.O-O Nf6h5
8.Bd3c2 Nh5xf4
9.exf4 b6
10.Bc2e4 Ra8b8
11.Nb1d2 Nd7f6
12.Rf1e1 Nf6xe4
13.Nd2xe4 Bc8b7
14.Qd1e2 Rf8e8
15.Ra1d1 Qd8c8
16.Ne4g3 c5
17.dxc5 bxc5
18.f5 Bb7xf3
19.Qe2xf3 Rb8xb2
20.fxg6 hxg6
21.Re1e2 Rb2xe2
22.Qf3xe2 Bg7xc3
23.Qe2e3 Bc3d4
24.Qe3d3 Qc8e6
25.h3 Qe6xa2
26.Qd3f3 a5
 { time }
0-1

[Event "Tourn. n8592"]
[Site "www.chess-mail.com"]
[Date "2016.02.14"]
[Round "1"]
[White "Elogic"]
[Black "Cardiff"]
[WhiteElo "2059"]
[BlackElo "2070"]
[Result "1-0"]
[Round "1"]
1.Ng1f3 d5
2.c4 e6
3.e3 c5
4.d4 Ng8f6
5.Nb1c3 a6
6.Bf1d3 cxd4
7.Nf3xd4 dxc4
8.Bd3xc4  { time }
1-0

[Event "Tourn. n8507"]
[Site "www.chess-mail.com"]
[Date "2016.02.14"]
[Round "1"]
[White "Obisporey"]
[Black "Ericleo1980"]
[WhiteElo "2630"]
[BlackElo "2290"]
[Result "1-0"]
[Round "1"]
1.e4 c5
2.Ng1f3 d6
3.d4 cxd4
4.Nf3xd4 Ng8f6
5.Nb1c3 a6
6.g3 e5
7.Nd4e2 Bc8e6
8.Bf1g2 Bf8e7
9.h3 h6
10.Bc1e3 b5
11.f4 exf4
12.e5 d5
13.Ne2xf4 Nf6d7
14.Nf4xe6 fxe6
15.Qd1h5 Kf8
16.O-O Kg8
17.Nc3xd5 { resign }
1-0

[Event "Tourn. n8565"]
[Site "www.chess-mail.com"]
[Date "2016.02.14"]
[Round "1"]
[White "Starwind"]
[Black "Cardiff"]
[WhiteElo "1809"]
[BlackElo "2000"]
[Result "1-0"]
[Round "1"]
1.c4 g6
2.d4 Bf8g7
3.Ng1f3 d6
4.Nb1c3 Ng8f6
5.e4 O-O
6.Bf1e2 e5
7.O-O exd4
8.Nf3xd4 Rf8e8
9.f3 Nb8c6
10.Bc1e3 Bc8d7
11.Qd1d2 Nc6xd4
12.Be3xd4 Bd7c6
13.Nc3d5 Nf6xd5
14.cxd5 Bc6d7
15.Bd4xg7 Kxg7
16.Rf1d1 f5
17.exf5 Bd7xf5
18.Ra1c1  { time }
1-0

[Event "Tourn. n8561"]
[Site "www.chess-mail.com"]
[Date "2016.02.14"]
[Round "1"]
[White "Andychesston"]
[Black "Cardiff"]
[WhiteElo "2000"]
[BlackElo "2000"]
[Result "1-0"]
[Round "1"]
1.e4 c5
2.Ng1f3 Nb8c6
3.d4 cxd4
4.Nf3xd4 g6
5.Bc1f4 Bf8g7
6.c3 d6
7.Bf1b5 Bc8d7
8.Qd1d3 Nc6xd4
9.Bb5xd7 Qd8xd7
10.cxd4 Ng8f6
11.Nb1c3 O-O
12.O-O a6
13.Ra1d1 b5
14.b4 Ra8c8
15.e5 Nf6h5
16.Nc3d5 Nh5xf4
17.Nd5xf4 dxe5
18.dxe5 Qd7xd3
19.Nf4xd3 Rf8d8
20.f4  { time }
1-0

[Event "Tourn. n8538"]
[Site "www.chess-mail.com"]
[Date "2016.02.14"]
[Round "1"]
[White "Llcervello"]
[Black "Falcoale"]
[WhiteElo "1680"]
[BlackElo "1730"]
[Result "0-1"]
[Round "1"]
1.e4 c5
2.c3 e6
3.d3 Nb8c6
4.Nb1d2 b6
5.a4 Bc8b7
6.f3 Ng8f6
7.g4 d5
8.Qd1e2 d4
9.c4 Nc6b4
10.Kd1 Bf8e7
11.h4 O-O
12.h5 h6
13.e5 Nf6xg4
14.fxg4 Bb7xh1
15.Ng1h3 Ra8b8
16.Nh3f4 Be7g5
17.Nd2b3 Qd8c8
18.Bc1d2 Qc8b7
19.Bf1g2 Bh1xg2
20.Nf4xg2 Nb4xd3
21.Qe2xd3 Qb7xg2
22.Kc2 Bg5xd2
23.Nb3xd2 Qg2xg4
24.Ra1h1 f5
25.Kb3 a6
26.Nd2f3 b5
27.Ka3 b4
28.Kb3 Qg4g2
29.Rh1g1 Qg2f2
30.Rg1g6 Qf2e3
31.Kc2 b3
{ resign }
0-1

[Event "Tourn. n8524"]
[Site "www.chess-mail.com"]
[Date "2016.02.14"]
[Round "1"]
[White "Faerieking"]
[Black "Greghghs"]
[WhiteElo "2250"]
[BlackElo "2390"]
[Result "1/2-1/2"]
[Round "1"]
1.e4 Ng8f6
2.e5 Nf6d5
3.c4 Nd5b6
4.d4 d6
5.f4 dxe5
6.fxe5 Nb8c6
7.Bc1e3 Bc8f5
8.Ng1f3 e6
9.a3 a5
10.Bf1d3 Bf5xd3
11.Qd1xd3 Bf8e7
12.h4 f6
13.exf6 Be7xf6
14.Nb1c3 Qd8e7
15.O-O-O O-O-O
16.g3 h6
17.Rh1e1 Qe7f7
18.Kb1 Qf7h5
19.Re1f1 Qh5g4
20.d5 Nc6e5
21.Nf3xe5 Bf6xe5
22.Be3f4 Be5xc3
23.Qd3xc3 Rh8e8
24.Qc3e5 Qg4f5
25.Qe5xf5 exf5
26.b3 a4
27.Kc2 axb3
28.Kxb3 Re8e4
29.Rd1c1 Kd7
30.Rf1d1 Nb6c8
31.c5 Nc8a7
32.c6 bxc6
33.dxc6 Kc8
34.Rd1xd8 Kxd8
35.Rc1d1 Ke8
36.Rd1d7 Na7xc6
37.Rd7xg7 Nc6d4
38.Ka2 { draw }
1/2-1/2

[Event "Tourn. n8540"]
[Site "www.chess-mail.com"]
[Date "2016.02.14"]
[Round "1"]
[White "Tonino1"]
[Black "Cardiff"]
[WhiteElo "1990"]
[BlackElo "1940"]
[Result "1-0"]
[Round "1"]
1.d4 Ng8f6
2.Ng1f3 g6
3.e3 d6
4.Bf1d3 Bf8g7
5.b3 O-O
6.Bc1b2 c5
7.Nb1d2 Nb8c6
8.a3 cxd4
9.exd4 d5
10.O-O Bc8g4
11.h3 Bg4xf3
12.Nd2xf3 Nf6e4
13.Nf3e5 Nc6xe5
14.dxe5 Ne4c5
15.Bd3e2 e6
16.a4 Qd8c7
17.f4 Ra8c8
18.Ra1c1 Nc5e4
19.Qd1e1 Qc7b6
20.Kh1 Rc8c7
21.Be2f3 Ne4c5
22.Qe1e3 Rf8c8
23.Bb2a3 Qb6c6
24.c4 Qc6b6
25.cxd5 exd5
26.Bf3xd5 Nc5xa4
27.Rc1xc7 Rc8xc7
28.Qe3xb6 Na4xb6
29.Bd5e4 Rc7d7
30.Ba3c5 Bg7f8
31.Bc5xb6  { time }
1-0

[Event "Tourn. n8595"]
[Site "www.chess-mail.com"]
[Date "2016.02.14"]
[Round "1"]
[White "Shlomo"]
[Black "Azulmarino"]
[WhiteElo "1499"]
[BlackElo "1510"]
[Result "1-0"]
[Round "1"]
1.d4 d5
2.Ng1f3 Bc8f5
3.Nb1c3 a6
4.Bc1f4 Ng8f6
5.Qd1d2 h6
6.h4 e6
7.O-O-O Nb8c6
8.a3 Bf8d6
9.g3 g5
10.hxg5 Nf6e4
11.Nc3xe4 Bf5xe4
12.Bf1g2 h5
13.Rd1g1 Be4g6
14.Bf4e5 Bd6xe5
15.dxe5 d4
16.Qd2f4 Qd8d5
17.Nf3xd4 Qd5c5
18.Bg2e4 Nc6xd4
19.Qf4e3 Bg6xe4
20.Qe3xe4 Ra8d8
21.Rg1d1 f5
22.Qe4d3 O-O
23.Rh1xh5 Rf8f7
24.b4 Qc5c6
25.e3 Nd4f3
26.Qd3xd8 Rf7f8
27.Rh5h8 Kg7
28.Qd8xf8 Kg6
29.Qf8f6 
1-0

[Event "Tourn. n8584"]
[Site "www.chess-mail.com"]
[Date "2016.02.14"]
[Round "1"]
[White "Genius7"]
[Black "Orhany24"]
[WhiteElo "2140"]
[BlackElo "2050"]
[Result "0-1"]
[Round "1"]
1.d4 d5
2.Ng1f3 Ng8f6
3.Nb1c3 c5
4.g3 Bc8f5
5.Bf1g2 e6
6.O-O Bf8e7
7.dxc5 Be7xc5
8.Nf3d4 Bf5g6
9.Nd4b3 Bc5b6
10.Bc1g5 Nb8d7
11.e3 O-O
12.Nc3e2 h6
13.Bg5xf6 Nd7xf6
14.Ne2f4 Bg6h7
15.c3 Ra8c8
 { time }
0-1

[Event "Tourn. n8630"]
[Site "www.chess-mail.com"]
[Date "2016.02.14"]
[Round "1"]
[White "Louis"]
[Black "Prize64"]
[WhiteElo "1870"]
[BlackElo "1959"]
[Result "0-1"]
[Round "1"]
1.e4 c5
2.Ng1f3 Nb8c6
3.d4 cxd4
4.Nf3xd4 Ng8f6
5.Nb1c3 e5
6.Nd4b5 d6
7.Bc1g5 a6
8.Nb5a3 b5
9.Nc3d5 Bf8e7
10.Bg5xf6 Be7xf6
11.c3 O-O
12.Na3c2 Ra8b8
{ resign }
0-1

[Event "Tourn. n8576"]
[Site "www.chess-mail.com"]
[Date "2016.02.14"]
[Round "1"]
[White "Osopanda"]
[Black "Cardiff"]
[WhiteElo "1960"]
[BlackElo "2000"]
[Result "1-0"]
[Round "1"]
1.c4 e6
2.d4 d5
3.cxd5 exd5
4.Nb1c3 Ng8f6
5.Ng1f3 c6
6.Bc1g5 Bf8b4
7.e3 O-O
8.Bf1d3 h6
9.Bg5f4 Rf8e8
10.O-O Bb4xc3
11.bxc3 Nf6e4
12.Qd1c2 Nb8d7
13.Nf3e5 Nd7f6
14.f3 Ne4d6
15.e4 dxe4
16.fxe4  { time }
1-0

[Event "Tourn. n8584"]
[Site "www.chess-mail.com"]
[Date "2016.02.14"]
[Round "1"]
[White "Julian"]
[Black "Genius7"]
[WhiteElo "2000"]
[BlackElo "2130"]
[Result "1-0"]
[Round "1"]
1.e4 d5
2.exd5 Ng8f6
3.c4 c6
4.Nb1c3 cxd5
5.cxd5 Nf6xd5
6.d4 Nb8c6
7.Bf1c4 e6
8.Ng1e2 Bf8e7
9.O-O O-O
10.Bc4d3 Nd5f6
11.Bc1g5 a6
12.a3 b5
13.Ra1c1 Bc8b7
14.Qd1d2  { time }
1-0

[Event "Tourn. n8604"]
[Site "www.chess-mail.com"]
[Date "2016.02.14"]
[Round "1"]
[White "Azulmarino"]
[Black "Mrfunk"]
[WhiteElo "1480"]
[BlackElo "1499"]
[Result "0-1"]
[Round "1"]
1.e4 c5
2.c4 Nb8c6
3.a3 Ng8f6
4.Nb1c3 Nc6d4
5.d3 e5
6.Bc1g5 Bf8e7
7.Ng1f3 d6
8.Nf3xd4 cxd4
9.Nc3d5 Nf6xd5
10.Bg5xe7 Nd5xe7
11.Bf1e2 O-O
12.h4 f5
13.g4 fxe4
14.dxe4 Ne7g6
15.Qd1d2 Ng6xh4
16.g5 Nh4g2
17.Kf1 Ng2f4
18.Rh1g1 Bc8h3
19.Ke1 Nf4g2
20.Kd1 Rf8xf2
21.Rg1h1 Bh3g4
22.Qd2d3 Bg4xe2
23.Qd3xe2 Rf2xe2
24.Kxe2 Qd8xg5
25.Kf2 Ra8f8
26.Ke2 Qg5e3
27.Kd1 Rf8f2
{ resign }
0-1

[Event "Tourn. n8565"]
[Site "www.chess-mail.com"]
[Date "2016.02.14"]
[Round "1"]
[White "Cardiff"]
[Black "Maredocla"]
[WhiteElo "2000"]
[BlackElo "2080"]
[Result "0-1"]
[Round "1"]
1.e4 c5
2.Ng1f3 Nb8c6
3.Bf1b5 Qd8b6
4.Nb1c3 a6
5.Nc3d5 Qb6a5
6.Bb5xc6 bxc6
7.Nd5c3 e6
8.O-O d5
9.d4 Bc8b7
10.Bc1d2 Qa5b6
11.Nc3a4 Qb6a7
12.exd5 c4
13.dxe6 f6
14.Bd2e3 Qa7b8
15.Qd1e2 Qb8c7
16.Qe2xc4 Bf8d6
17.Na4c5 Ng8e7
18.b4 Bd6xc5
19.dxc5 O-O
20.a3 a5
21.c3 Bb7a6
22.Qc4e4 Ba6xf1
23.Ra1xf1 Ne7d5
24.Be3d4 Rf8e8
 { time }
0-1

[Event "Tourn. n8592"]
[Site "www.chess-mail.com"]
[Date "2016.02.14"]
[Round "1"]
[White "Cardiff"]
[Black "Julian"]
[WhiteElo "2070"]
[BlackElo "2000"]
[Result "0-1"]
[Round "1"]
1.c4 Ng8f6
2.Nb1c3 c6
3.d4 d5
4.cxd5 cxd5
5.Bc1g5 e6
6.e3 Bf8e7
7.Ng1f3 O-O
8.Bf1d3 Nb8c6
9.O-O a6
10.a3 b5
11.Ra1c1 Bc8b7
12.b4 Ra8c8
 { time }
0-1

[Event "Tourn. n8573"]
[Site "www.chess-mail.com"]
[Date "2016.02.14"]
[Round "1"]
[White "Genius7"]
[Black "Pimax"]
[WhiteElo "2140"]
[BlackElo "2280"]
[Result "0-1"]
[Round "1"]
1.d4 Ng8f6
2.c4 d6
3.Nb1c3 g6
4.e4 Bf8g7
5.f4 O-O
6.Ng1f3 c5
7.d5 Nf6h5
8.Bf1e2 Bc8g4
9.O-O Nb8d7
10.Qd1c2 b6
11.h3 Bg4xf3
12.Be2xf3 Nh5g3
13.Rf1e1 Bg7f6
14.Bc1e3 Bf6h4
15.Be3f2 f5
16.e5 dxe5
17.fxe5 Ra8c8
18.Ra1d1 Qd8c7
19.d6 exd6
 { time }
0-1

[Event "Tourn. n8575"]
[Site "www.chess-mail.com"]
[Date "2016.02.14"]
[Round "1"]
[White "Cardiff"]
[Black "Umzi"]
[WhiteElo "2020"]
[BlackElo "2230"]
[Result "0-1"]
[Round "1"]
1.d4 d5
2.Ng1f3 Ng8f6
3.Bc1g5 e6
4.e3 Bf8e7
5.Bf1d3 O-O
6.O-O Nb8d7
7.Nb1d2 c5
8.c3 c4
9.Bd3c2 b5
10.a4 b4
11.cxb4 Be7xb4
12.Nf3e5 Qd8c7
13.Bg5f4 Nd7xe5
14.Bf4xe5 Qc7e7
15.Nd2f3 Nf6d7
16.Be5g3 Bc8a6
17.Nf3e5 Nd7xe5
18.Bg3xe5 f6
19.Be5g3 Ra8d8
 { time }
0-1

[Event "Tourn. n8568"]
[Site "www.chess-mail.com"]
[Date "2016.02.14"]
[Round "1"]
[White "Battlechess"]
[Black "Falcoale"]
[WhiteElo "1620"]
[BlackElo "1670"]
[Result "0-1"]
[Round "1"]
1.Ng1f3 c5
2.c4 e6
3.d4 Ng8f6
4.Nb1c3 cxd4
5.Nf3xd4 a6
6.a3 Nb8c6
7.e4 Bf8e7
8.Bf1e2 O-O
9.O-O Nc6e5
10.Bc1f4 Ne5g6
11.Bf4g3 b6
12.Ra1c1 Bc8b7
 { time }
0-1

[Event "Tourn. n8622"]
[Site "www.chess-mail.com"]
[Date "2016.02.14"]
[Round "1"]
[White "Koumaak"]
[Black "Biggles"]
[WhiteElo "1499"]
[BlackElo "1889"]
[Result "0-1"]
[Round "1"]
1.e3 e5
2.a3 d5
3.d3 Ng8f6
4.Nb1c3 Nb8c6
5.g3 Bf8c5
6.Bf1e2 O-O
7.Ng1f3 Rf8e8
8.O-O b6
9.b4 Bc5d6
10.e4 Bc8b7
11.Bc1g5 dxe4
12.Nc3xe4 Bd6e7
13.Qd1d2 Nc6d4
14.Nf3xe5 Nf6xe4
15.dxe4 Be7xg5
16.f4 Bg5f6
17.Qd2d3 Nd4xe2
18.Qd3xe2 Qd8d4
19.Qe2f2 Qd4xe4
20.Ra1e1 Qe4h1

0-1

[Event "Tourn. n8612"]
[Site "www.chess-mail.com"]
[Date "2016.02.14"]
[Round "1"]
[White "Gatrooper"]
[Black "Easychess"]
[WhiteElo "1600"]
[BlackElo "1680"]
[Result "1-0"]
[Round "1"]
1.e4 c6
2.d4 d5
3.e5 Bc8f5
4.Bf1d3 e6
5.Bd3xf5 exf5
6.h3 g6
7.a3 Bf8g7
8.Ng1f3 Ng8e7
9.Nb1c3  { time }
1-0

[Event "Tourn. n8600"]
[Site "www.chess-mail.com"]
[Date "2016.02.14"]
[Round "1"]
[White "Guidom"]
[Black "Cardiff"]
[WhiteElo "2090"]
[BlackElo "2030"]
[Result "1-0"]
[Round "1"]
1.e4 e5
2.Ng1f3 Nb8c6
3.Bf1b5 Ng8f6
4.O-O Nf6xe4
5.Rf1e1 Ne4d6
6.Nf3xe5 Bf8e7
7.Ne5xc6 dxc6
8.Bb5a4 O-O
9.d4 Be7f6
10.c3 Bc8e6
11.Ba4c2 Qd8d7
12.Bc1f4 Rf8e8
13.Nb1d2  { time }
1-0

[Event "Tourn. n8557"]
[Site "www.chess-mail.com"]
[Date "2016.02.14"]
[Round "1"]
[White "Marbachess"]
[Black "Cardiff"]
[WhiteElo "2200"]
[BlackElo "2000"]
[Result "1-0"]
[Round "1"]
1.f4 g6
2.Ng1f3 Bf8g7
3.e4 d5
4.exd5 Qd8xd5
5.Nb1c3 Qd5d8
6.d4 Bc8g4
7.h3 Bg4xf3
8.Qd1xf3 c6
9.Bc1d2 Ng8f6
10.O-O-O Qd8a5
11.g4 O-O
12.f5 Nb8d7
13.Kb1 Qa5c7
14.h4 Rf8e8
15.fxg6 hxg6
16.h5 gxh5
17.gxh5 Kf8
18.h6 Bg7h8
19.h7 Qc7b6
20.Bd2h6  { time }
1-0

[Event "Tourn. n8491"]
[Site "www.chess-mail.com"]
[Date "2016.02.14"]
[Round "1"]
[White "Wwgia"]
[Black "Goosebumps"]
[WhiteElo "2230"]
[BlackElo "2140"]
[Result "1-0"]
[Round "1"]
1.d4 e6
2.c4 d5
3.Nb1c3 Nb8c6
4.Ng1f3 Ng8f6
5.Bc1g5 h6
6.Bg5h4 dxc4
7.e4 Bf8e7
8.Bf1xc4 O-O
9.O-O Rf8e8
10.Qd1d2 a6
11.a3 b5
12.Bc4a2 Bc8b7
13.Ra1c1 Nf6h7
14.Bh4g3 Be7g5
15.Nf3xg5 Nh7xg5
16.Rf1d1 Nc6e7
17.h4 Ng5xe4
18.Nc3xe4 Bb7xe4
19.Bg3xc7 Qd8d7
20.Bc7e5 Ne7g6
21.Rc1c7 Qd7d8
22.Qd2c1 Qd8xh4
23.Be5g3 Qh4f6
24.Qc1e3 Be4f5
25.Rd1c1 Re8d8
26.d5  { time }
1-0

[Event "Tourn. n8482"]
[Site "www.chess-mail.com"]
[Date "2016.02.14"]
[Round "1"]
[White "Cardiff"]
[Black "Geretree"]
[WhiteElo "1920"]
[BlackElo "1950"]
[Result "0-1"]
[Round "1"]
1.d4 d5
2.Ng1f3 Nb8c6
3.Bc1f4 Ng8f6
4.Nb1c3 Bc8f5
5.a3 e6
6.e3 Bf8d6
7.Bf4xd6 Qd8xd6
8.Bf1d3 Nf6e4
9.Bd3xe4 Bf5xe4
10.O-O f6
11.Nc3xe4 dxe4
12.Nf3d2 f5
13.Nd2b3 O-O
14.Qd1d2 b6
15.Ra1d1 Ra8d8
16.Qd2e2 f4
17.exf4 Qd6xf4
18.c3 Nc6e7
19.Rf1e1 Rd8d5
20.c4 Rd5f5
21.Re1f1 Ne7g6
22.Qe2e3 Ng6h4
23.Qe3xf4 Rf5xf4
24.c5 g5
25.cxb6 axb6
26.Rd1c1 Rf4f7
27.Nb3d2 Nh4f5
28.Nd2xe4 h6
29.Rc1d1 Rf7d7
30.Rd1d3 Rd7xd4
31.Rd3xd4 Nf5xd4
32.Rf1d1 e5
33.f3 Rf8d8
34.Kf2 Kf7
35.Rd1c1 c5
36.Ne4c3 Nd4b3
37.Rc1d1 Nb3d4
 { time }
0-1

[Event "Tourn. n8546"]
[Site "www.chess-mail.com"]
[Date "2016.02.14"]
[Round "1"]
[White "Faerieking"]
[Black "Gearoid"]
[WhiteElo "2270"]
[BlackElo "2370"]
[Result "0-1"]
[Round "1"]
1.e4 e6
2.d4 d5
3.Nb1c3 Bf8b4
4.e5 c5
5.a3 Bb4xc3
6.bxc3 Ng8e7
7.Ng1f3 Qd8a5
8.Bc1d2 Nb8c6
9.Bf1d3 c4
10.Bd3e2 O-O
11.O-O Bc8d7
12.g3 h6
13.Nf3h4 f6
14.f4 fxe5
15.fxe5 Rf8xf1
16.Be2xf1 Ra8f8
17.Bf1g2 Qa5c7
18.Qd1g4 Kh7
19.Nh4f3 Ne7f5
20.h4 Qc7b6
21.Bd2c1 Kg8
22.Kh2 Qb6a5
23.Bc1d2 Qa5a4
24.Nf3e1 b6
25.Bg2h3 Nf5xd4
26.Bd2xh6 Nd4f5
27.Bh6f4 Qa4b5
28.Qg4d1 Nf5xh4
{ resign }
0-1

[Event "Tourn. n8609"]
[Site "www.chess-mail.com"]
[Date "2016.02.14"]
[Round "1"]
[White "Bojan"]
[Black "Francesco"]
[WhiteElo "2060"]
[BlackElo "1990"]
[Result "1-0"]
[Round "1"]
1.d4 d5
2.g3 Bc8f5
3.c4 Ng8f6
4.Nb1c3 c6
5.cxd5 Nf6xd5
6.Bf1g2 e6
7.Bc1d2 Bf8e7
8.Nc3a4 O-O
9.e4 b5
10.Na4c3 Nd5xc3
11.bxc3 Bf5g6
12.Qd1e2 Nb8d7
13.Ng1h3 c5
14.Nh3f4 Ra8c8
15.Ra1b1 a6
16.d5 e5
17.Nf4xg6 hxg6
18.O-O c4
19.f4 Qd8b6
20.Kh1 Be7d6
21.Bd2e3 Qb6a5
22.Qe2d2 Rc8d8
23.f5 Nd7c5
24.f6 gxf6
25.Rf1xf6 Kg7
26.Rb1f1 Bd6e7
27.Be3h6 Kg8
28.Bh6xf8 Be7xf6
29.Bf8xc5 Bf6g7
30.Rf1f3 Rd8c8
31.Qd2f2 Qa5c7
32.Bc5b6 Qc7d7
33.h4 { resign }
1-0

[Event "Tourn. n8587"]
[Site "www.chess-mail.com"]
[Date "2016.02.14"]
[Round "1"]
[White "Sonny1000"]
[Black "Powerchess"]
[WhiteElo "1519"]
[BlackElo "1500"]
[Result "1-0"]
[Round "1"]
1.e4 c5
2.c4 Nb8c6
3.Ng1f3 d6
4.Qd1a4 Bc8d7
5.Nb1a3 Nc6d4
6.Qa4d1 Nd4xf3
7.Qd1xf3 Bd7c6
8.Na3b5 a6
9.a3 axb5
10.cxb5 Bc6d7
11.b3 Ng8f6
12.e5 Nf6g8
13.exd6 e6
14.Qf3g3 Ng8f6
15.f3 Qd8b6
16.Bc1b2 Qb6xd6
17.Bb2e5 Qd6d5
18.Bf1c4  { time }
1-0

[Event "Tourn. n8613"]
[Site "www.chess-mail.com"]
[Date "2016.02.14"]
[Round "1"]
[White "Osopanda"]
[Black "Cardiff"]
[WhiteElo "2030"]
[BlackElo "2030"]
[Result "1-0"]
[Round "1"]
1.c4 g6
2.d4 Bf8g7
3.e4 d6
4.f4 Ng8f6
5.Nb1c3 O-O
6.Ng1f3 c5
7.d5 a6
8.Bf1d3  { time }
1-0

[Event "Tourn. n8599"]
[Site "www.chess-mail.com"]
[Date "2016.02.14"]
[Round "1"]
[White "Pimax"]
[Black "Cardiff"]
[WhiteElo "2270"]
[BlackElo "2030"]
[Result "1-0"]
[Round "1"]
1.d4 d5
2.c4 e6
3.Nb1c3 c5
4.cxd5 cxd4
5.Qd1a4 Bc8d7
6.Qa4xd4 exd5
7.Qd4xd5 Nb8c6
8.Ng1f3 Ng8f6
9.Qd5d1 Bf8b4
10.e3 O-O
11.Qd1b3 Bd7e6
12.Qb3c2 Nf6d5
13.Bc1d2  { time }
1-0

[Event "Tourn. n8576"]
[Site "www.chess-mail.com"]
[Date "2016.02.14"]
[Round "1"]
[White "Cardiff"]
[Black "Robert66"]
[WhiteElo "2000"]
[BlackElo "2060"]
[Result "0-1"]
[Round "1"]
1.f4 d5
2.Ng1f3 Ng8f6
3.b3 Nb8c6
4.Bc1b2 e6
5.e3 Bf8e7
6.Bf1b5 Bc8d7
7.Bb5xc6 Bd7xc6
8.O-O O-O
9.Nf3e5 Bc6b5
10.d3 Be7c5
11.Qd1e2 Nf6e4
12.c4 Bb5d7
13.dxe4 dxe4
14.Rf1d1 Bc5d6
15.Ne5xd7 Qd8xd7
 { time }
0-1

[Event "Tourn. n8600"]
[Site "www.chess-mail.com"]
[Date "2016.02.14"]
[Round "1"]
[White "Cardiff"]
[Black "Bojan"]
[WhiteElo "2030"]
[BlackElo "2040"]
[Result "0-1"]
[Round "1"]
1.e4 b6
2.Nb1c3 Bc8b7
3.d4 h6
4.a3 e6
5.Ng1f3 d6
6.Bf1e2 Qd8f6
7.O-O Nb8d7
8.Be2d3 Ng8e7
9.Qd1e2 e5
10.dxe5 Nd7xe5
11.Nf3xe5 Qf6xe5
 { time }
0-1